000 00696nam a2200217Ia 4500
003 OSt
005 20250806110618.0
008 210719s2005 xx 000 0 und d
040 _cAL
041 _aKannada
082 _a294.5513K SHIV
100 _aSHIVAKUMARA SVAMI (M) Ed
_dಶಿವಕುಮಾರ ಸ್ವಾಮಿ (ಎಂ)
_9234194
245 _aVirashaiva dharma: Ondu punaravalokana
_bವೀರಶೈವ ಧರ್ಮ: ಒಂದು ಪುನರಾವಲೋಕನ
260 _aBengaluru
_c2005
300 _a174
_bPB
365 _b120
_cRs
650 _aHinduism
_9234195
650 _aReligion
_9234196
906 _adharma ; Ondu ; punaravalokana ; Virashaiva
942 _2ddc
_cBK
999 _c215014
_d215014